[Event "DMP Ekstraliga 2020"]
[Site "Krakow"]
[Date "2020.09.02"]
[Round "8.6"]
[White "Kulon, Klaudia"]
[Black "Antolak, Julia"]
[Result "1/2-1/2"]
[WhiteElo "2336"]
[BlackElo "2323"]
[Annotator "ChessBase"]
[PlyCount "65"]
[EventDate "2020.08.26"]
[EventType "team-tourn"]
[EventCountry "POL"]
[SourceTitle "playchess.com"]
[Source "ChessBase"]
[SourceQuality "1"]
[WhiteTeam "Wrzos Miedzyborow"]
[BlackTeam "Stilon Gorzow"]
[TimeControl "30/5400+30:1800+30"]

1. d4 {[%emt 0:00:00]} Nf6 {[%emt 0:00:00]} 2. Bf4 {[%emt 0:00:00]} b6 {[%emt 0:00:17]} 3. Nf3 {[%emt 0:00:00]} Bb7 {[%emt 0:00:30]} 4. e3 {[%emt 0:00:02]} g6 {[%emt 0:01:00]} 5. h3 {[%emt 0:00:13]} Bg7 {[%emt 0:00:06]} 6. Bd3 {[%emt 0:00:12]} O-O {[%emt 0:01:50]} 7. O-O {[%emt 0:00:28]} c5 {[%emt 0:00:28]} 8. c3 {[%emt 0:00:23]} d6 {[%emt 0:00:39]} 9. Nbd2 {[%emt 0:00:33]} Nbd7 {[%emt 0:00:28]} 10. Bh2 {[%emt 0:00:54]} a6 {[%emt 0:00:17]} 11. a4 {[%emt 0:00:56]} Ra7 {[%emt 0:00:47]} 12. Qe2 {[%emt 0:03:47]} Qa8 {[%emt 0:21:28]} 13. e4 {[%emt 0:02:20]} cxd4 {[%emt 0:03:43]} 14. cxd4 {[%emt 0:00:20]} e5 {[%emt 0:02:20]} 15. d5 {[%emt 0:06:58]} a5 {[%emt 0:01:27]} 16. Nc4 {[%emt 0:01:39]} Qb8 {[%emt 0:05:44]} 17. Rfb1 {[%emt 0:05:57]} Ba6 {[%emt 0:07:09]} 18. b4 {[%emt 0:07:38]} Bxc4 {[%emt 0:06:38]} 19. Bxc4 {[%emt 0:00:19]} Qd8 {[%emt 0:02:44]} 20. Nd2 {[%emt 0:01:35]} Bh6 {[%emt 0:04:32]} 21. Bd3 {[%emt 0:02:18]} Bxd2 {[%emt 0:04:48]} 22. Qxd2 {[%emt 0:00:06]} axb4 {[%emt 0:00:13]} 23. Rxb4 {[%emt 0:00:09]} Nc5 {[%emt 0:00:06]} 24. Bc2 {[%emt 0:00:22]} Nfd7 {[%emt 0:01:22]} 25. f4 {[%emt 0:02:21]} f6 {[%emt 0:01:39]} 26. h4 {[%emt 0:03:05]} Qe7 {[%emt 0:01:13]} 27. Rf1 {[%emt 0:07:24]} Rfa8 {[%emt 0:02:18]} 28. Qd1 {[%emt 0:00:25]} Na6 {[%emt 0:05:34]} 29. Rc4 {[%emt 0:00:18]} Nac5 {[%emt 0:00:03]} 30. g4 {[%emt 0:03:58]} Ra5 {[%emt 0:03:26]} 31. Rb4 {[%emt 0:39:36]} Na6 {[%emt 0:30:10]} 32. Rc4 {[%emt 0:00:05]} Nac5 {[%emt 0:00:03]} 33. Rb4 {[%emt 0:00:06]} 1/2-1/2

[Event "DMP Ekstraliga 2020"]
[Site "Krakow"]
[Date "2020.09.02"]
[Round "8.7"]
[White "Harikrishna, Pentala"]
[Black "Duda, Jan-Krzysztof"]
[Result "1/2-1/2"]
[WhiteElo "2732"]
[BlackElo "2753"]
[Annotator "TA"]
[PlyCount "90"]
[EventDate "2020.08.26"]
[EventType "team-tourn"]
[EventCountry "POL"]
[SourceTitle "playchess.com"]
[Source "ChessBase"]
[SourceQuality "1"]
[WhiteTeam "Polonia Wroclaw"]
[BlackTeam "HETMAN Katowice"]
[BlackTeamCountry "POL"]

{[%evp 12,90,16,10,8,17,19,0,5,0,2,10,40,44,44,42,49,45,43,43,43,43,56,41,47,16,20,20,22,12,20,19,18,19,19,19,19,19,19,19,19,19,19,19,20,20,13,3,3,3,3,3,3,3,3,3,3,3,3,0,2,2,2,2,2,2,3,3,3,3,3,2,2,2,2,2,2,0,0,0,0]} 1. d4 Nf6 2. c4 e6 3. Nc3 Bb4 4. Nf3 c5 5. e3 O-O 6. Bd3 d5 7. cxd5 exd5 {E53: Nimzo-Indian: Rubinstein: Main Line (4...0-0 5 Nf3 d5 6 Bd3 c5 7 0-0).} 8. dxc5 Nbd7 9. O-O Nxc5 10. Ne2 Nxd3 11. Qxd3 Bg4 12. Nfd4 Bxe2 13. Nxe2 {[#]} Rc8 $146 ({Predecessor:} 13... Bd6 14. Bd2 Be5 15. Bc3 Qd6 16. Bxe5 Qxe5 17. Qd4 Qxd4 18. Nxd4 Rfc8 19. Rac1 Kf8 {½-½ (56) Harikrishna,P (2755)-Wojtaszek,R (2745) Shamkir 2017}) 14. Bd2 Bxd2 15. Qxd2 Qb6 16. Rac1 g6 17. b3 Rfd8 18. Qd4 Qxd4 {The position is equal.} 19. Nxd4 Ne4 20. f3 Nc5 21. Rc3 {[#] Hoping for Rfc1.} Ne6 22. Nxe6 fxe6 23. Rfc1 Rxc3 24. Rxc3 $11 {[%mdl 4096] Endgame KR-KR} Rd7 25. Kf2 Kf7 26. Ke2 e5 27. Rc8 Ke6 28. Ra8 Rc7 29. Rxa7 Rc2+ 30. Kf1 d4 31. exd4 exd4 32. Rxb7 d3 {[#] Strongly threatening ...Rc1+.} 33. Ke1 Rxa2 34. Rxh7 Rxg2 35. Rh4 Kd5 36. h3 Re2+ 37. Kd1 Rf2 38. b4 Rxf3 (38... g5 {feels hotter.} 39. Rg4 Rh2 40. b5 Rxh3 41. b6 Kc6) 39. Kd2 g5 40. Rg4 Rxh3 41. Rxg5+ Kc4 42. Rg4+ Kb5 43. Rd4 Rg3 44. Rxd3 Rxd3+ 45. Kxd3 Kxb4 {Accuracy: White = 97%, Black = 97%.} 1/2-1/2

[Event "DMP Ekstraliga 2020"]
[Site "Krakow"]
[Date "2020.09.02"]
[Round "8.8"]
[White "Wojtaszek, Radoslaw"]
[Black "Bartel, Mateusz"]
[Result "1/2-1/2"]
[WhiteElo "2717"]
[BlackElo "2643"]
[Annotator "TA"]
[PlyCount "58"]
[EventDate "2020.08.26"]
[EventType "team-tourn"]
[EventCountry "POL"]
[SourceTitle "playchess.com"]
[Source "ChessBase"]
[SourceQuality "1"]
[WhiteTeam "HETMAN Katowice"]
[BlackTeam "Polonia Wroclaw"]

{[%evp 19,58,29,29,29,35,25,27,13,56,18,13,0,0,-11,-6,-8,-12,-12,-10,-8,-8,-8,-9,-9,-11,-6,-6,-9,-8,-14,-13,-13,-13,-16,-16,-31,-21,-24,-12,-27,-12]} 1. d4 d5 2. c4 e6 3. Nf3 dxc4 4. e3 Nf6 5. Bxc4 a6 6. O-O c5 7. Nc3 b5 8. Be2 Bb7 9. dxc5 Bxc5 10. Qxd8+ Kxd8 11. Nd2 {D27: Queen's Gambit Accepted: Classical main line: 7 e4!? and 7 a4.} Ke7 $1 {[%mdl 4] now scores much better than the old 11...Nbd7. Played by Vladimir Kramnik in July 2020.} 12. Nb3 Bd6 13. Na5 {White has an edge.} Ra7 14. Nxb7 (14. e4 $5) 14... Rxb7 15. Bd2 Rc8 16. Rfc1 Rbc7 {[#]} 17. Nd1 $146 ({Predecessor:} 17. a3 Nbd7 18. Na2 Nc5 19. Ba5 Rd7 20. b4 Nb3 21. Rxc8 Nxa1 22. Bb6 Nb3 23. Nc1 Nxc1 24. Rxc1 {0-1 (64) Keymer,V (2558)-Studer,N (2580) Europe Echecs INT 2020}) 17... Nbd7 18. Rxc7 Rxc7 19. Rc1 Rxc1 20. Bxc1 Nd5 21. f3 Nc5 22. Bd2 f5 23. Nc3 Nb6 24. b3 b4 25. Nd1 a5 26. Nb2 Nd5 27. Nd1 Be5 28. Kf2 Kd6 ({Reject} 28... Bxh2 $6 29. g3 $16) 29. Bc4 Nb6 {White got outplayed after the opening. Accuracy: White = 94%, Black = 100%.} ({Much weaker is} 29... Bxh2 $6 30. g3 $16) 1/2-1/2

[Event "DMP Ekstraliga 2020"]
[Site "Krakow"]
[Date "2020.09.02"]
[Round "8.9"]
[White "Gumularz, Szymon"]
[Black "Navara, David"]
[Result "1/2-1/2"]
[WhiteElo "2506"]
[BlackElo "2719"]
[Annotator "TA"]
[PlyCount "53"]
[EventDate "2020.08.26"]
[EventType "team-tourn"]
[EventCountry "POL"]
[SourceTitle "playchess.com"]
[Source "ChessBase"]
[SourceQuality "1"]
[WhiteTeam "Polonia Wroclaw"]
[BlackTeam "HETMAN Katowice"]
[BlackTeamCountry "CZE"]

{[%evp 12,53,19,15,31,29,29,13,27,25,45,40,40,43,43,-6,0,-8,-12,-15,-12,0,66,59,70,60,60,57,44,52,52,48,74,43,55,0,0,0,0,0,14,-28,-15,-18]} 1. d4 Nf6 2. c4 e6 3. Nc3 Bb4 4. e3 O-O 5. Bd3 b6 6. Nf3 Bb7 7. O-O Bxc3 {E43: Nimzo-Indian: Rubinstein: 4...b6.} 8. bxc3 Re8 9. a4 Be4 {[#]} 10. Be2 $146 ({Predecessor:} 10. a5 Nc6 11. Bxe4 Nxe4 12. Qc2 d5 13. axb6 axb6 14. Rxa8 Qxa8 15. cxd5 exd5 16. c4 dxc4 17. Qxc4 {1-0 (25) Tavcar,R-Pellis,F Nova Gorica 1997}) 10... c5 11. Nd2 Bg6 12. Nb3 Qc7 13. f3 (13. a5 $5 {[%cal Ra5b6]}) 13... d5 14. dxc5 bxc5 15. cxd5 exd5 16. c4 Rd8 (16... d4 $1 $11) 17. Bd2 $14 {[#] Black must now prevent Ba5.} Nbd7 18. cxd5 Nxd5 19. Qc1 Rac8 {With the idea ...c4.} 20. Ba6 c4 21. Bxc8 Rxc8 22. Nd4 (22. Ba5 $5 {[%cal Ra5c7]} N7b6 23. Nd4 $14) 22... c3 23. Be1 (23. Nb5 $14 cxd2 24. Qxd2) 23... Nc5 $11 {[#] ...Nd3 is the strong threat.} 24. e4 Nd3 25. Qg5 N5b4 26. Bf2 c2 27. Be3 {Accuracy: White = 79%, Black = 95%.} 1/2-1/2

[Event "DMP Ekstraliga 2020"]
[Site "Krakow"]
[Date "2020.09.02"]
[Round "8.10"]
[White "Gajewski, Grzegorz"]
[Black "Tazbir, Marcin"]
[Result "1-0"]
[WhiteElo "2616"]
[BlackElo "2510"]
[Annotator "TA"]
[PlyCount "79"]
[EventDate "2020.08.26"]
[EventType "team-tourn"]
[EventCountry "POL"]
[SourceTitle "playchess.com"]
[Source "ChessBase"]
[SourceQuality "1"]
[WhiteTeam "HETMAN Katowice"]
[BlackTeam "Polonia Wroclaw"]

{[%evp 9,79,23,21,22,16,17,33,33,39,34,38,31,47,43,41,38,41,37,66,56,51,48,51,24,28,14,29,0,0,0,31,31,87,97,87,86,64,68,44,20,71,64,33,5,13,5,74,77,225,90,92,91,93,110,113,-15,-16,-8,-8,-8,-12,-125,574,546,1583,1583,5210,5210,5210,5197,747,710]} 1. c4 e5 2. g3 Nc6 3. Bg2 Bc5 4. Nc3 a6 5. e3 d6 6. Nge2 {A25: English Opening vs King's Indian with ...Nc6 but without early d3.} Ba7 7. d4 Nge7 8. b3 {White is slightly better.} exd4 9. Nxd4 {[#]} Bd7 $146 ({Predecessor:} 9... Nxd4 10. exd4 Nf5 11. Be3 O-O 12. O-O Nxe3 13. fxe3 c6 14. Qf3 Bd7 15. Rf2 Qe7 {0-1 (39) Dableo,R (2444)-Mchedlishvili,M (2604) Manila 2008}) 10. Bb2 Nxd4 11. exd4 Rb8 12. O-O O-O 13. a4 Nc6 14. Nd5 {[%cal Bc3d5,Bd5f4,Bf4h5][%mdl 32]} Ne7 15. Nf4 Ng6 16. Nh5 Qc8 17. Re1 Bh3 18. Re3 Bxg2 19. Kxg2 d5 20. Qf3 c6 ({Better is} 20... Qd8 $14) 21. cxd5 $16 cxd5 22. Rc1 Qd8 23. h4 Qd6 24. Qf5 h6 (24... b5 $11 {remains equal.}) 25. Rce1 Rbc8 26. Rf3 Rc7 27. Qg4 Rc2 (27... Bb6 $11) 28. Bc3 $1 $40 {[%mdl 128] White attacks with force.} Qc6 {[#]} (28... Bb8 $16) 29. Bb4 (29. Nxg7 $1 $18 {[%mdl 512] is the precise move to win.} Kxg7 30. Bb4) 29... f5 30. Rxf5 Rxf5 31. Qxf5 {Black must now prevent Re6.} Bxd4 {[#]} 32. Re6 (32. Nf6+ $1 $16 {[%mdl 512]} Bxf6 (32... Qxf6 33. Re8+) 33. Re6) 32... Rxf2+ $11 33. Qxf2 Qxe6 34. Qxd4 {[%csl Gh5][%cal Rd4g7]} Qe2+ 35. Kg1 (35. Kh3 $11 Qxh5 36. Qg4 Qxg4+ 37. Kxg4) 35... Qxh5 $4 {[%mdl 8192]} (35... Ne5 $17 {stays on course. ( -> ...Nf3+)} 36. Qf2 (36. Qxd5+ $2 Kh7 $19) 36... Qxh5) 36. Bc3 $18 {[%csl Gc3][%cal Rd4g7] White is clearly winning.} Kf8 37. g4 Qxh4 38. Qxg7+ {[%mdl 64] Double Attack} Ke8 39. Qxg6+ Kd7 40. Kg2 {Accuracy: White = 66%, Black = 56%.} 1-0

[Event "DMP Ekstraliga 2020"]
[Site "Krakow"]
[Date "2020.09.02"]
[Round "8.11"]
[White "Wieczorek, Oskar"]
[Black "Sadzikowski, Daniel"]
[Result "0-1"]
[WhiteElo "2493"]
[BlackElo "2522"]
[Annotator "RC"]
[PlyCount "116"]
[EventDate "2020.08.26"]
[EventType "team-tourn"]
[EventCountry "POL"]
[SourceTitle "playchess.com"]
[Source "ChessBase"]
[SourceQuality "1"]
[WhiteTeam "Polonia Wroclaw"]
[BlackTeam "HETMAN Katowice"]
[TimeControl "30/5400+30:1800+30"]

1. e4 {[%emt 0:00:01]} e5 {[%emt 0:00:00]} 2. Nc3 {[%emt 0:00:08]} Nc6 {[%emt 0:01:35]} 3. g3 {[%emt 0:00:04]} Bc5 {[%emt 0:00:03]} 4. Bg2 {[%emt 0:00:08]} a6 {[%emt 0:02:28]} 5. d3 {[%emt 0:04:17]} d6 {[%emt 0:00:24]} 6. Nge2 {[%emt 0:01:22]} Nge7 {[%emt 0:03:06]} 7. O-O {[%emt 0:09:03]} O-O {[%emt 0:15:37]} 8. Nd5 {[%emt 0:05:38]} f5 {[%emt 0:06:33]} 9. exf5 {[%emt 0:19:06]} Bxf5 {[%emt 0:16:53]} 10. Be3 {[%emt 0:02:35]} Bg4 {[%emt 0:09:59]} 11. Bxc5 {[%emt 0:07:41]} dxc5 {[%emt 0:00:09]} 12. Ne3 {[%emt 0:03:37]} Bh5 {[%emt 0:02:03]} 13. Qd2 {[%emt 0:19:30]} Qd7 {[%emt 0:00:46]} 14. f4 {[%emt 0:04:39]} Bxe2 {[%emt 0:01:09]} 15. Qxe2 {[%emt 0:00:16]} exf4 {[%emt 0:00:13]} 16. Rxf4 {[%emt 0:03:23]} Rxf4 {[%emt 0:10:36]} 17. gxf4 {[%emt 0:00:02]} Rf8 {[%emt 0:01:00]} 18. Rf1 {[%emt 0:01:14]} Nd4 {[%emt 0:03:36]} 19. Qh5 {[%emt 0:03:18]} b6 {[%emt 0:00:01]} 20. Be4 {[%emt 0:04:56]} Ndf5 {[%emt 0:00:43]} 21. Nxf5 {[%emt 0:00:30]} Nxf5 {[%emt 0:00:05]} 22. Kh1 {[%emt 0:01:28]} g6 {[%emt 0:01:46]} 23. Qh3 {[%emt 0:01:24]} Qd4 {[%emt 0:01:03]} 24. c3 {[%emt 0:00:37]} Qd6 {[%emt 0:00:26]} 25. Qf3 {[%emt 0:03:24]} Kg7 {[%emt 0:00:02]} 26. a3 {[%emt 0:00:42]} a5 {[%emt 0:00:04]} 27. Qh3 {[%emt 0:01:13]} Qe7 {[%emt 0:02:51]} 28. Qf3 {[%emt 0:02:03]} Nd6 {[%emt 0:02:11]} 29. Qg2 {[%emt 0:00:19]} Kh8 {[%emt 0:04:40]} 30. Bd5 {[%emt 0:00:34]} Qf6 {[%emt 0:04:09]} 31. Qg4 {[%emt 0:31:09]} Re8 {[%emt 0:30:52]} 32. Qg5 {[%emt 0:00:50]} Kg7 {[%emt 0:02:05]} 33. Qg4 {[%emt 0:00:03]} Nf5 {[%emt 0:00:37]} 34. Qf3 {[%emt 0:00:44]} Re3 {[%emt 0:01:42]} 35. Qf2 {[%emt 0:00:02]} Rxd3 {[%emt 0:00:57]} 36. Be4 {[%emt 0:00:04]} Rd7 {[%emt 0:00:46]} 37. Bg2 {[%emt 0:00:17]} Re7 {[%emt 0:00:36]} 38. Re1 {[%emt 0:00:11]} Qd6 {[%emt 0:00:45]} 39. Rxe7+ {[%emt 0:00:09]} Qxe7 {[%emt 0:00:05]} 40. Bh3 {[%emt 0:00:00]} Qe3 {[%emt 0:00:00]} 41. Qf1 {[%emt 0:00:00]} Kf6 {[%emt 0:00:00]} 42. Bxf5 {[%emt 0:00:00]} Kxf5 {[%emt 0:00:00]} 43. Qd1 {[%emt 0:00:00]} Qf2 {[%emt 0:00:00]} 44. Qd7+ {[%emt 0:00:00]} Ke4 {[%emt 0:00:00]} 45. h3 {[%emt 0:00:00]} Qf1+ {[%emt 0:00:00]} 46. Kh2 {[%emt 0:00:00]} Qxf4+ {[%emt 0:00:00]} 47. Kg2 {[%emt 0:00:00]} Qg5+ {[%emt 0:00:00]} 48. Kh2 {[%emt 0:00:00]} Kf3 {[%emt 0:00:00]} 49. Qd1+ {[%emt 0:00:00]} Kf2 {[%emt 0:00:00]} 50. Qc2+ {[%emt 0:00:00]} Ke1 {[%emt 0:00:00]} 51. Qe4+ {[%emt 0:00:00]} Kd2 {[%emt 0:00:00]} 52. c4 {[%emt 0:00:00]} Qe3 {[%emt 0:00:00]} 53. Qd5+ {[%emt 0:00:00]} Ke2 {[%emt 0:00:00]} 54. Qd7 {[%emt 0:00:00]} Qf2+ {[%emt 0:00:00]} 55. Kh1 {[%emt 0:00:00]} Qf3+ {[%emt 0:00:00]} 56. Kg1 {[%emt 0:00:00]} Qg3+ {[%emt 0:00:00]} 57. Kh1 {[%emt 0:00:00]} h5 {[%emt 0:00:00]} 58. a4 {[%emt 0:00:00]} g5 {[%emt 0:00:00]} 0-1

[Event "DMP Ekstraliga 2020"]
[Site "Krakow"]
[Date "2020.09.02"]
[Round "8.12"]
[White "Socko, Monika"]
[Black "Zawadzka, Jolanta"]
[Result "1/2-1/2"]
[WhiteElo "2428"]
[BlackElo "2419"]
[Annotator "ChessBase"]
[PlyCount "97"]
[EventDate "2020.08.26"]
[EventType "team-tourn"]
[EventCountry "POL"]
[SourceTitle "playchess.com"]
[Source "ChessBase"]
[SourceQuality "1"]
[WhiteTeam "HETMAN Katowice"]
[BlackTeam "Polonia Wroclaw"]
[TimeControl "30/5400+30:1800+30"]

1. Nf3 {[%emt 0:00:00]} d5 {[%emt 0:00:00]} 2. g3 {[%emt 0:00:00]} Nd7 {[%emt 0:00:00]} 3. d4 {[%emt 0:01:14]} b5 {[%emt 0:00:00]} 4. Bg2 {[%emt 0:01:20]} e6 {[%emt 0:00:18]} 5. O-O {[%emt 0:01:10]} Ngf6 {[%emt 0:00:12]} 6. b3 {[%emt 0:02:11]} Be7 {[%emt 0:03:23]} 7. Bb2 {[%emt 0:05:39]} O-O {[%emt 0:03:55]} 8. Nbd2 {[%emt 0:04:26]} Rb8 {[%emt 0:07:39]} 9. a4 {[%emt 0:04:51]} b4 {[%emt 0:03:35]} 10. c4 {[%emt 0:04:22]} bxc3 {[%emt 0:02:33]} 11. Bxc3 {[%emt 0:00:16]} c5 {[%emt 0:01:00]} 12. Qc2 {[%emt 0:00:31]} Ba6 {[%emt 0:06:24]} 13. Rfe1 {[%emt 0:02:01]} Qb6 {[%emt 0:02:42]} 14. a5 {[%emt 0:03:36]} Qc7 {[%emt 0:07:04]} 15. Qb2 {[%emt 0:16:43]} Rfc8 {[%emt 0:10:43]} 16. dxc5 {[%emt 0:04:27]} Bxc5 {[%emt 0:00:15]} 17. e3 {[%emt 0:01:23]} Qd6 {[%emt 0:04:56]} 18. e4 {[%emt 0:07:36]} Ng4 {[%emt 0:07:09]} 19. Bd4 {[%emt 0:02:35]} e5 {[%emt 0:08:29]} 20. Bh3 {[%emt 0:11:07]} Bxd4 {[%emt 0:07:13]} 21. Nxd4 {[%emt 0:00:04]} Nxf2 {[%emt 0:00:51]} 22. Kxf2 {[%emt 0:00:53]} exd4 {[%emt 0:00:10]} 23. Bxd7 {[%emt 0:00:43]} Qxd7 {[%emt 0:00:12]} 24. Qxd4 {[%emt 0:02:32]} Qh3 {[%emt 0:02:29]} 25. Kg1 {[%emt 0:00:04]} dxe4 {[%emt 0:00:32]} 26. Rxe4 {[%emt 0:00:37]} Bb7 {[%emt 0:02:07]} 27. Re2 {[%emt 0:00:03]} Qh6 {[%emt 0:02:01]} 28. Rae1 {[%emt 0:03:38]} Qc6 {[%emt 0:00:46]} 29. Qe4 {[%emt 0:00:14]} Qc5+ {[%emt 0:04:30]} 30. Qe3 {[%emt 0:00:06]} Qc6 {[%emt 0:00:10]} 31. Qe4 {[%emt 0:30:04]} Qxe4 {[%emt 0:31:04]} 32. Nxe4 {[%emt 0:00:07]} Bd5 {[%emt 0:00:26]} 33. Nd6 {[%emt 0:05:48]} Rf8 {[%emt 0:00:13]} 34. Re7 {[%emt 0:03:19]} a6 {[%emt 0:00:41]} 35. Ra7 {[%emt 0:01:53]} Rxb3 {[%emt 0:00:42]} 36. Rxa6 {[%emt 0:00:15]} Rb2 {[%emt 0:00:22]} 37. Nf5 {[%emt 0:00:03]} Ba8 {[%emt 0:00:45]} 38. Ne3 {[%emt 0:01:32]} f5 {[%emt 0:02:55]} 39. Ra7 {[%emt 0:02:38]} Be4 {[%emt 0:02:59]} 40. Rc1 {[%emt 0:00:00]} g5 {[%emt 0:00:00]} 41. Re7 {[%emt 0:00:00]} Rf7 {[%emt 0:00:00]} 42. Rcc7 {[%emt 0:00:00]} Rxe7 {[%emt 0:00:00]} 43. Rxe7 {[%emt 0:00:00]} Ra2 {[%emt 0:01:13]} 44. Re5 {[%emt 0:00:00]} Kf7 {[%emt 0:00:27]} 45. Nxf5 {[%emt 0:00:00]} Kf6 {[%emt 0:00:19]} 46. Rxe4 {[%emt 0:00:00]} Kxf5 {[%emt 0:00:04]} 47. Re7 {[%emt 0:00:00]} Ra1+ {[%emt 0:00:58]} 48. Kf2 {[%emt 0:00:00]} h5 {[%emt 0:01:23]} 49. h3 {[%emt 0:00:00]} 1/2-1/2

[Event "DMP Ekstraliga 2020"]
[Site "Krakow"]
[Date "2020.09.02"]
[Round "8.13"]
[White "Huschenbeth, Niclas"]
[Black "Klekowski, Maciej"]
[Result "1/2-1/2"]
[WhiteElo "2605"]
[BlackElo "2511"]
[Annotator "TA"]
[PlyCount "58"]
[EventDate "2020.08.26"]
[EventType "team-tourn"]
[EventCountry "POL"]
[SourceTitle "playchess.com"]
[Source "ChessBase"]
[SourceQuality "1"]
[WhiteTeam "Silesia Raciborz"]
[BlackTeam "UKS 21 Podlesie"]

{[%evp 24,58,33,30,43,24,31,22,24,23,81,81,74,68,71,64,72,74,87,72,123,81,72,70,93,85,80,52,68,63,64,37,41,22,53,0,0]} 1. e4 c5 2. Nf3 Nc6 3. d4 cxd4 4. Nxd4 Nf6 5. Nc3 e6 6. Ndb5 Bb4 7. a3 Bxc3+ 8. Nxc3 d5 9. exd5 exd5 10. Bd3 O-O 11. O-O d4 12. Ne2 Bg4 13. Bg5 Re8 {B45: Sicilian Four Knights.} 14. f3 Bh5 15. Ng3 Bg6 16. Ne4 Bxe4 (16... Ne5 $11) 17. fxe4 $16 {[#]} Ne5 $146 ({Predecessor:} 17... Re6 18. Bc4 Rxe4 19. Bxf6 gxf6 20. Bd3 Re5 21. Qg4+ Rg5 22. Qh4 h5 23. Rf5 Ne5 {1-0 (36) Trubchaninov,T (2224)-Hambardzumian,Y (2324) Sochi 2017}) 18. Bxf6 gxf6 19. Qd2 Re6 20. Rf5 Rc8 21. Raf1 {[%cal Ba1f1,Bf1f4,Bf4g4][%mdl 32]} Rcc6 ({Better is} 21... Rc5) 22. Qf2 Kh8 23. Rh5 a6 24. Qf5 {[%csl Gh5][%cal Rf5h7] [#]} Qg8 25. Qh3 b5 26. Rf4 {aiming for Rfh4.} Ng6 27. Rg4 Re5 28. Rf5 Qe8 29. Rf1 (29. Rg3 $1 $14) 29... Qe6 {Accuracy: White = 71%, Black = 84%.} 1/2-1/2

[Event "DMP Ekstraliga 2020"]
[Site "Krakow"]
[Date "2020.09.02"]
[Round "8.14"]
[White "Teclaf, Pawel"]
[Black "Nasuta, Grzegorz"]
[Result "1/2-1/2"]
[WhiteElo "2454"]
[BlackElo "2553"]
[Annotator "TA"]
[PlyCount "139"]
[EventDate "2020.08.26"]
[EventType "team-tourn"]
[EventCountry "POL"]
[SourceTitle "playchess.com"]
[Source "ChessBase"]
[SourceQuality "1"]
[WhiteTeam "UKS 21 Podlesie"]
[BlackTeam "Silesia Raciborz"]

{[%evp 12,139,5,11,25,17,22,29,32,22,22,18,13,20,16,21,16,28,28,22,10,24,25,22,24,24,14,12,45,16,37,32,31,25,22,17,20,1,20,21,20,0,0,0,0,0,0,0,7,6,8,8,8,8,8,8,8,8,8,0,0,0,0,0,82,82,281,72,253,269,260,260,260,214,214,214,214,214,214,214,390,215,424,406,279,260,424,424,424,424,431,214,214,214,237,237,245,253,260,260,260,260,260,253,260,260,260,262,273,273,273,302,321,214,214,214,214,214,214,214,214,0,0,0,0,0,0,0,0,0]} 1. e4 e5 2. Nf3 Nc6 3. Bb5 a6 4. Ba4 Nf6 5. Nc3 Bc5 6. O-O b5 7. Bb3 d6 {C77: Ruy Lopez: 3...a6 4 Ba4 Nf6, unusual lines.} 8. Nd5 Nxe4 9. Qe2 Nf6 {White has an edge.} 10. Nxf6+ gxf6 ({Much worse is} 10... Qxf6 $6 11. Bd5 $16) 11. Bd5 Bb7 12. Qe4 Qd7 {[#]} 13. d4 $1 {[%mdl 512]} Bb6 $1 (13... Bxd4 14. Nxd4) 14. dxe5 $1 {[#]} O-O-O $146 {[%cal Rd6e5]} ({Predecessor:} 14... dxe5 15. Nxe5 Nxe5 16. Bxb7 Ra7 17. Bh6 Qg4 18. Qxg4 Nxg4 19. Rfe1+ Ne5 20. Bg7 Rg8 21. Bxf6 Rxb7 22. Rxe5+ Kd7 23. Re7+ Kd6 24. Rd1+ {1-0 (24) Tabatabaei,M (2612)-Weihrauch,J (2138) Karlsruhe 2019}) 15. e6 Qe8 16. exf7 Qxe4 17. Bxe4 {aiming for Bh6.} Rdf8 18. Be3 Bxe3 19. fxe3 Nd8 20. Bxb7+ (20. Bd3 {with more complications.} Nxf7 21. a4 b4 22. Nd2 Rhg8 23. g3) 20... Kxb7 21. a4 b4 22. Nd4 Rxf7 23. Rf4 Re8 24. Kf2 c5 25. Nf5 Kc6 26. Rd1 d5 27. Nh6 Rff8 28. Ng4 f5 29. Nh6 Ne6 30. Rxf5 Rxf5+ 31. Nxf5 $11 {[%mdl 4096] Endgame KRN-KRN} Rf8 32. g4 Ng7 $1 33. e4 dxe4 34. Rd6+ Kc7 35. Rh6 (35. Rd5 {looks sharper.} Kc6 36. Re5 Re8 37. Rxe8 Nxe8 38. Ke3) 35... Nxf5 36. gxf5 Rxf5+ {KR-KR} 37. Ke3 Rf7 (37... c4 $11 {keeps the balance.}) 38. Kxe4 $16 a5 $2 {[#]} (38... Rd7 $16 {was called for.}) 39. Kd3 $2 (39. Kd5 $1 $18 {and the rest is easy.}) 39... Rd7+ $2 (39... Rf4 $16) 40. Kc4 $18 Rd2 41. Rxh7+ Kc6 42. Rh6+ Kc7 43. Kxc5 Rxc2+ 44. Kb5 Rxb2 45. Kxa5 b3 $2 (45... Kb7 46. h4 Kc7) 46. Kb4 Rf2 $2 (46... Rb1 {keeps fighting.} 47. Kc3 b2) 47. Kxb3 Kb7 48. a5 Ka7 $2 (48... Rf5 49. a6+ Ka7) 49. h4 Rf4 50. h5 Rf5 51. a6 (51. Ka4 $142 Rf4+ 52. Kb3) 51... Re5 52. Kc4 Rf5 53. Kd4 Rg5 54. Ke4 Rc5 55. Kf4 Rc4+ 56. Ke5 {Strongly threatening Rd6.} Rc5+ 57. Ke4 Rb5 58. Kf4 Rc5 59. Rh8 Rc4+ 60. Ke5 Rc5+ 61. Kd6 Rf5 62. h6 Rf6+ 63. Ke7 Rxa6 64. Kf8 Rb6 65. Rh7+ ({Worse is} 65. h7 Rb7 $11) 65... Ka8 66. Ra7+ $2 ({White should play} 66. Kg7 $18 {Rh8+ is the strong threat.} Ka7 67. Kf7) 66... Kxa7 $11 {The position is equal.} 67. h7 Rb8+ 68. Kg7 Rb7+ 69. Kg8 {[#]} Rxh7 $1 {[%mdl 512]} 70. Kxh7 {Accuracy: White = 85%, Black = 76%.} 1/2-1/2